000 00359nam a2200145Ia 4500
008 150301s2008 xx 000 0 und d
082 _a614.4
_b08W
100 _aWALLACE, ROBERT B.
245 _aPUBLIC HEALTH & PREVENTIVE MEDICINE
250 _a15TH
260 _bMC GRAW HILL
_c2008
300 _a1370
650 _aCOMMUNITY MEDICINE
942 _2ddc
_cBK
_01
999 _c6677
_d6677